LEADER 03522nam 22007095 450 001 9910409700903321 005 20260318133212.0 010 $a3-030-43370-6 024 7 $a10.1007/978-3-030-43370-3 035 $a(CKB)4100000010952677 035 $a(DE-He213)978-3-030-43370-3 035 $a(MiAaPQ)EBC6167604 035 $a(PPN)243762615 035 $a(MiAaPQ)EBC6167704 035 $a(iGPub)SPNA0066795 035 $a(EXLCZ)994100000010952677 100 $a20200407d2020 u| 0 101 0 $aeng 135 $aurnn#008mamaa 181 $ctxt$2rdacontent 182 $cc$2rdamedia 183 $acr$2rdacarrier 200 10$aBeyond IPM: Introduction to the Theory of Holistic Pest Management /$fby Juan F. Barrera 205 $a1st ed. 2020. 210 1$aCham :$cSpringer International Publishing :$cImprint: Springer,$d2020. 215 $a1 online resource (XXX, 154 p. 34 illus., 8 illus. in color.) 225 1 $aSustainability in Plant and Crop Protection,$x2567-9821 ;$v15 311 08$a3-030-43369-2 320 $aIncludes bibliographical references and index. 327 $a1. Introduction: Beyond IPM -- 2. The Nature of Integrated Pest Management -- 3. The Need for a Holistic Approach to Pest Management -- 4. Theoretical Support of Holistic Pest Management -- 5. Methods for analysis of Holistic Pest Management -- 6. Implementing Holistic Pest Management -- 7. Holistic Science in Pest Management: Winds of Change. 330 $aAbout 15 years ago, we asked ourselves why the methods developed by the research institutions for the management of pests were almost not used by small landholder farmers. It seemed obvious to us that conventional pest control ?called ?Integrated Pest Management?? was based on a reductionist approach. In reviewing the literature on the subject, we found that our concern was not new or unique. The agreement of some authors with our ideas reinforced our efforts to find a holistic approach to pest management. We took two central ideas to develop the holistic approach: First, pest management actions must put the farmer at the center of the system. Second, pest management must consider not only both pests but the other important components of the system in question. This approach based on the farmers and the systems in which they are immersed, is called ?Holistic Pest Management? or HPM. In this book, I present the philosophy and practice of HPM, a new paradigm of pest management. 410 0$aSustainability in Plant and Crop Protection,$x2567-9821 ;$v15 606 $aBotany 606 $aAgriculture 606 $aMicrobiology 606 $aZoology 606 $aPlant Science 606 $aAgriculture 606 $aMicrobiology 606 $aZoology 606 $aBotànica econòmica$2thub 606 $aControl de plagues$2thub 608 $aLlibres electrònics$2thub 615 0$aBotany. 615 0$aAgriculture. 615 0$aMicrobiology. 615 0$aZoology. 615 14$aPlant Science. 615 24$aAgriculture. 615 24$aMicrobiology. 615 24$aZoology. 615 7$aBotànica econòmica 615 7$aControl de plagues 676 $a632.9 700 $aBarrera$b Juan F$4aut$4http://id.loc.gov/vocabulary/relators/aut$01063155 801 0$bMiAaPQ 801 1$bMiAaPQ 801 2$bMiAaPQ 906 $aBOOK 912 $a9910409700903321 996 $aBeyond IPM: Introduction to the Theory of Holistic Pest Management$92530759 997 $aUNINA